Taylor Swift - Peter (Lyrics) - Statistics

General Stats
  • This quiz has been taken 126 times
  • The average score is 386 of 435
Answer Stats
Answer % Correct
come
100%
me,
100%
me
100%
said
100%
Said
100%
The
100%
the
100%
up
100%
we
100%
We
100%
were
100%
You
100%
you
100%
find
98%
gonna
98%
grow
98%
Peter
98%
Peter,
98%
for
97%
Then
97%
who
97%
a
95%
A
95%
I
95%
And
93%
But
93%
but
93%
fearless
93%
Forgive
93%
leader
93%
lost
93%
Lost
93%
My
93%
when
93%
When
93%
did?
92%
did
92%
just
92%
never
92%
Never
92%
it
90%
of
90%
on
90%
to
90%
To
90%
was
90%
Is
88%
is
88%
kids
88%
that
88%
keep
87%
Promises,
87%
your
87%
do
85%
men
85%
from
83%
get
83%
has
82%
life
82%
She
82%
she
82%
you'd
82%
boys
80%
deep
80%
oceans
80%
something
80%
25
78%
by
78%
easier
78%
lying?
78%
now
78%
window
78%
always
77%
As
77%
burn
77%
confess
77%
out
77%
Than
77%
waited
77%
woman
77%
won't
77%
Words
77%
didn't
75%
goodbye
75%
In
75%
lamp
75%
let
75%
us
75%
want
75%
chapter
73%
feeling
73%
goddess
73%
know
73%
mouths
73%
Oh,
73%
tried
73%
all
72%
hoped
72%
light
72%
like
72%
sits
72%
still
72%
timing
72%
turned
72%
With
72%
'Cause
70%
found
70%
hold
70%
mine
70%
Once
70%
Are
68%
could
68%
mind
68%
return
68%
Tell
68%
things,
68%
beguiling
67%
down
67%
earned
67%
learned
67%
love's
67%
perspective
67%
reader?
67%
around
65%
closets
65%
expired
65%
feet
65%
ground
65%
please
65%
those
65%
babes
63%
best
63%
days
63%
fantasies
63%
heard
63%
I've
63%
thought
63%
ribs
62%
trying
62%
cedar
60%
different
60%
galaxies
60%
great
60%
natural
60%
same
60%
stealer
60%
scene
58%
hang
57%
masqueraded
57%
shelf
57%
underneath
57%
both
55%
moon
53%
jet
52%
sometimes
50%
crossing
48%
gets
48%
onto
47%
stream
47%
Preserved
42%
No matching quizzes found
Score Distribution
Percent of People with Each Score
Percentile by Number Answered
Your Score History
You have not taken this quiz